MARC details
| 000 -CABECERA |
| campo de control de longitud fija |
03823cam a22003497i 4500 |
| 001 - NÚMERO DE CONTROL |
| campo de control |
20314431 |
| 005 - FECHA Y HORA DE LA ÚLTIMA TRANSACCIÓN |
| campo de control |
20260515121748.0 |
| 008 - DATOS DE LONGITUD FIJA--INFORMACIÓN GENERAL |
| campo de control de longitud fija |
180127t20172017nyua b 001 0 eng d |
| 010 ## - NÚMERO DE CONTROL DE LA BIBLIOTECA DEL CONGRESO |
| Número de control de LC |
2017297174 |
| 020 ## - NÚMERO INTERNACIONAL ESTÁNDAR DEL LIBRO |
| Número Internacional Estándar del Libro |
9781509832217 |
| 035 ## - NÚMERO DE CONTROL DEL SISTEMA |
| Número de control de sistema |
20314431 |
| 035 ## - NÚMERO DE CONTROL DEL SISTEMA |
| Número de control de sistema |
(OCoLC)968771116 |
| 040 ## - FUENTE DE LA CATALOGACIÓN |
| Centro catalogador/agencia de origen |
BTCTA |
| Lengua de catalogación |
eng |
| Centro/agencia transcriptor |
BTCTA |
| Normas de descripción |
rda |
| Centro/agencia modificador |
BDX |
| -- |
SINLB |
| -- |
FM0 |
| -- |
IK2 |
| -- |
IGA |
| -- |
UAP |
| -- |
IUK |
| -- |
CZA |
| -- |
OCLCF |
| -- |
NDS |
| -- |
YDX |
| -- |
RB0 |
| -- |
QGK |
| -- |
MUU |
| -- |
DLC |
| 041 ## - CÓDIGO DE LENGUA |
| Código de lengua del texto/banda sonora o título independiente |
English |
| 042 ## - CÃDIGO DE AUTENTICACIÃN |
| Código de autenticación |
lccopycat |
| 050 00 - SIGNATURA TOPOGRÁFICA DE LA BIBLIOTECA DEL CONGRESO |
| Número de clasificación |
HF5415.153 |
| Número de documento/Ítem |
.K52 2017 |
| 100 ## - ENTRADA PRINCIPAL--NOMBRE DE PERSONA |
| Nombre de persona |
Kim, W. Chan |
| Término indicativo de función/relación |
author. |
| 9 (RLIN) |
1645 |
| 245 10 - MENCIÓN DE TÍTULO |
| Título |
Blue ocean shift |
| Resto del título |
: beyond competing : proven steps to inspire confidence and seize new growth |
| Mención de responsabilidad, etc. |
/ W. Chan Kim, Renée Mauborgne. |
| 246 30 - FORMA VARIANTE DE TÍTULO |
| Título propio/Titulo breve |
Proven steps to inspire confidence and seize new growth |
| 250 ## - MENCIÓN DE EDICIÓN |
| Mención de edición |
First edition. |
| 264 #1 - PRODUCCIÓN, PUBLICACIÓN, DISTRIBUCIÓN, FABRICACIÓN Y COPYRIGHT |
| Producción, publicación, distribución, fabricación y copyright |
New York : |
| Nombre del de productor, editor, distribuidor, fabricante |
Hachette Books, |
| Fecha de producción, publicación, distribución, fabricación o copyright |
[2017] |
| 264 #4 - PRODUCCIÓN, PUBLICACIÓN, DISTRIBUCIÓN, FABRICACIÓN Y COPYRIGHT |
| Fecha de producción, publicación, distribución, fabricación o copyright |
©2017 |
| 300 ## - DESCRIPCIÓN FÍSICA |
| Extensión |
xi, 322 pages : |
| Otras características físicas |
illustrations ; |
| Dimensiones |
24 cm |
| 504 ## - NOTA DE BIBLIOGRAFÍA, ETC. |
| Nota de bibliografía, etc. |
Includes bibliographical references (pages 305-307) and index. |
| 505 0# - NOTA DE CONTENIDO CON FORMATO |
| Nota de contenido con formato |
Reach beyond the best — The fundamentals of market-creating strategy — The mind of a blue ocean strategist — Humanness, confidence, and creative competence — Step one: Getting started — Choosing the right place to start — Constructing the right blue ocean team — Step two: Understand where you are now — Getting clear about the current state of play — Step three: Imagine where you could be — Uncovering the hidden pain points that limit the size of your industry — Discovering an ocean of noncustomers — Step four: Find how you get there — Reconstructing market boundaries, systematically — Developing alternative blue ocean opportunities — Step five: Make your move — Selecting your blue ocean move and conducting rapid market tests — Finalizing and launching your blue ocean move — Epilogue: A national blue ocean shift in action. |
| 520 ## - SUMARIO, ETC. |
| Sumario, etc. |
Blue Ocean Shift is the essential follow-up to the classic Blue Ocean Strategy, the 3.6 million copy global bestseller by world-renowned professors W. Chan Kim and Renee Mauborgne.<br/><br/>Drawing on more than a decade of new work, Kim and Mauborgne show you how to move beyond competing, how to inspire people’s confidence and seize new growth, guiding you step by step through how to take your organization from a red ocean, crowded with competition, to a blue ocean of uncontested market space. By combining the insights of human psychology with practical market-creating tools and real-world guidance, Kim and Mauborgne deliver the definitive guide to shift yourself, your team, or your organization to new heights of confidence, market creation and growth. They show why non-disruptive creation is as important as disruption in seizing new growth.<br/><br/>Blue Ocean Shift is packed with all-new research and examples of how leaders in diverse industries and organizations made the shift and created new markets by applying the processes and tools outlined in the book. Whether you are a cash-strapped start-up or a large, established company, a non-profit or national government, you will learn how to move from red to blue oceans in a way that builds people’s confidence so that they own and drive the process.<br/><br/>With battle-tested lessons learned from successes and failures in the field, Blue Ocean Shift is critical reading for leaders, managers and entrepreneurs alike. You’ll learn what works, what doesn’t, and how to avoid the pitfalls along the way. This book will empower you to succeed as you embark on your own blue ocean journey. Blue Ocean Shift is indispensable for anyone committed to building a compelling future. |
| 630 #0 - PUNTO DE ACCESO ADICIONAL DE MATERIA--TÍTULO UNIFORME |
| Título uniforme |
MSc Brand Management & Creativity |
| 9 (RLIN) |
26051 |
| 650 #0 - PUNTO DE ACCESO ADICIONAL DE MATERIA--TÉRMINO DE MATERIA |
| Término de materia o nombre geográfico como elemento de entrada |
New products |
| 9 (RLIN) |
8236 |
| 650 #0 - PUNTO DE ACCESO ADICIONAL DE MATERIA--TÉRMINO DE MATERIA |
| Término de materia o nombre geográfico como elemento de entrada |
Market segmentation |
| 9 (RLIN) |
952 |
| 700 ## - ENTRADA AGREGADA--NOMBRE PERSONAL |
| Nombre de persona |
Mauborgne, Renée |
| Término indicativo de función/relación |
author. |
| 9 (RLIN) |
1644 |
| 942 ## - ELEMENTOS DE ENTRADA AGREGADA (KOHA) |
| Fuente del sistema de clasificación o colocación |
Clasificación de Library of Congress |